000 00592 a2200193 4500
999 _c4760
_d4760
020 _a0029120608
050 0 0 _aRC480.6 GOL 1978
100 1 _aGolan, Naomi
_eauthor
245 1 0 _aTreatment in Crisis Situations /
_cNaomi Golan.
264 _aNew York :
_bThe Free Press,
_c1978
300 _axiv; 266 p. ;
440 0 _aTreatment approaches in the human services
500 _aIncludes index.
504 _aIncludes bibliography
650 0 _aCrisis intervention (Mental health services)
650 2 _aCrisis intervention.
650 2 _aPsychotherapy.
942 _2lcc
_cBK
_h480.6
_iGOL
_kRC